morning glory oasis all lyrics - Statistics

General Stats
  • This quiz has been taken 143 times
  • The average score is 217 of 268
Answer Stats
lyrics % Correct
the
98%
a
94%
what
94%
glory
92%
morning
92%
story
92%
i
89%
to
89%
whats
89%
all
86%
you
86%
time
83%
your
83%
are
81%
up
81%
wake
81%
well
81%
dreams
80%
need
80%
so
80%
little
78%
made
78%
when
78%
afternoon
77%
blade
77%
know
75%
my
75%
razor
75%
sunny
75%
youre
73%
mirror
72%
of
72%
tune
72%
another
70%
as
69%
chained
69%
see
69%
world
69%
day
67%
it
67%
mind
67%
soon
67%
sound
67%
tomorrow
67%
will
67%
might
66%
rest
66%
that
64%
todays
64%
never
63%
walking
63%
favourite
61%
guess
59%
and
58%
doesnt
58%
too
58%
knows
56%
should
52%
No matching quizzes found
Score Distribution
Percent of People with Each Score
Percentile by Number Answered
Your Score History
You have not taken this quiz